穿條紋衣的男孩

資料類型: Book 圖書   書目號:56452

Leader xxxxxxxxxx
001 __ PCLIS00056452
005 __ 20230430195239.0
010 0_ |a978-957-33-3988-5|b平裝|dNT$299
100 __ |a20230426d2023    m  y0chiy09      e
101 1_ |achi|ceng
102 __ |atw
105 __ |ay   z   000yy
200 1_ |a穿條紋衣的男孩|e|f約翰.波恩(John Boyne)著|g趙丕慧譯
205 __ |a二版
210 __ |a臺北市|c皇冠文化|d2023[民112]
215 0_ |a239面|c|d21公分
225 2_ |aChoice|v361
225 2_ |a皇冠叢書|v第5077種
300 __ |a
410 _0 |12001 |aChoice|v361
410 _0 |12001 |a皇冠叢書|v第5077種
454 _1 |12001 |aThe boy in the striped pajamas
681 __ |a873.859|b864
700 _1 |a波恩|b|c(Boyne, John)|4702 _1 |a|b丕慧|4770 _1 |aBoyne, John
801 _0 |atw|b內湖高中|c20230426|gCCR
  
詳細館藏(共 1 筆)
索 書 號登 錄 號冊次號館別 / 館藏地流通類型狀態加入預約清單電子資源
873.859 / 864 1027768  圖書館 / 一樓普通區 可外借30天 在館   

| 條列資料




目錄查詢 分類查詢 個人資料 圖書薦購 新書查詢 閉館日 排行榜 更多電子資源 Hami書城 線上資料庫 登出

From : 216.73.216.116

  本日流通累計至 20:47:07 借閱 : 0 次 續借 : 0 次 歸還 : 0 次 預約 : 0 次 電子資源 : 0 次


內湖高中圖書館  PCLIS 版本  25.5.0.2